Упражнения и диктанты по русскому языку (Запись № 1772959)

Подробности
000 -МАРКЕР
контрольное поле 03165nam0a2200469 4500
001 - ИДЕНТИФИКАТОР ЗАПИСИ
контрольное поле RU\NLR\bibl\1501462
005 - ИДЕНТИФИКАТОР ВЕРСИИ
контрольное поле 20250616020107.0
010 ## - МЕЖДУНАРОДНЫЙ СТАНДАРТНЫЙ НОМЕР КНИГИ (ISBN)
Номер (ISBN) 978-5-222-16745-8
Тираж 3000
021 ## - НОМЕР ГОСУДАРСТВЕННОЙ РЕГИСТРАЦИИ
Код страны Российская Федерация
Номер 2010-16949
Номер Листа государственной регистраци 1133
021 ## - НОМЕР ГОСУДАРСТВЕННОЙ РЕГИСТРАЦИИ
Код страны Российская Федерация
Номер 2010-62030
Номер Листа государственной регистраци 4065
021 ## - НОМЕР ГОСУДАРСТВЕННОЙ РЕГИСТРАЦИИ
Код страны Российская Федерация
Номер 2013-48129
Номер Листа государственной регистраци 3336
035 ## - ДРУГИЕ СИСТЕМНЫЕ НОМЕРА
Идентификатор записи (nilc)IZD\PHOENIX\2007\О0054593
035 ## - ДРУГИЕ СИСТЕМНЫЕ НОМЕРА
Идентификатор записи (NLR Aleph) 001492917
100 ## - ДАННЫЕ ОБЩЕЙ ОБРАБОТКИ
Данные общей обработки 20100528d2010 |||y0rusy50 ca
101 0# - ЯЗЫК РЕСУРСА
Язык текста, звукозаписи и т.д. русский
102 ## - СТРАНА ПУБЛИКАЦИИ ИЛИ ПРОИЗВОДСТВА
Страна публикации Российская Федерация
105 ## - ПОЛЕ КОДИРОВАННЫХ ДАННЫХ: ТЕКСТОВЫЕ МАТЕРИАЛЫ, МОНОГРАФИЧЕСКИЕ
Кодированные данные о монографическом текстовом документе y |||||||||
200 1# - ЗАГЛАВИЕ И СВЕДЕНИЯ ОБ ОТВЕТСТВЕННОСТИ
Основное заглавие Упражнения и диктанты по русскому языку
Сведения, относящиеся к заглавию 2 класс
-- [учебное пособие]
Первые сведения об ответственности Г.Н. Сычева
210 ## - ПУБЛИКАЦИЯ, РАСПРОСТРАНЕНИЕ И ДР.
Место издания, распространения и т.д. Ростов-на-Дону
Имя издателя, распространителя и т. д. Феникс
Дата издания, распространения и т.д. 2010
215 ## - ФИЗИЧЕСКАЯ ХАРАКТЕРИСТИКА
Специфическое обозначение материала и объем 187 с.
Размеры 21
225 1# - СЕРИЯ
Основное заглавие серии Серия "Библиотека учителя"
330 ## - РЕЗЮМЕ ИЛИ РЕФЕРАТ
Текст примечания Учебное пособие соответствует образовательным стандартам обучения русскому языку в начальной школе с элементами углубления и расширения проходимого материала. Сборник включает задания и тексты для усвоения основных грамматических понятий учащимися 2-го класса. В сборнике представлены грамматические задания к урокам по всем темам: тексты диктантов с грамматическими заданиями; тексты для контрольного списывания; словарные диктанты; тексты для выборочных диктантов; задания на повторение в конце года; тестовые работы. Сборник предназначен для учащихся и учителей начальной школы, а также для родителей, которые хотят помочь своим детям в освоении очень интересного предмета - русского языка
606 1# - НАИМЕНОВАНИЕ ТЕМЫ КАК ПРЕДМЕТ
Наименование темы Русский язык
Формальный подзаголовок Учебные издания для начальной школы
Системный номер авторитетной/нормативной записи 1533567
Идентификатор авторитетной/нормативной записи RU\NLR\auth\66969347
606 1# - НАИМЕНОВАНИЕ ТЕМЫ КАК ПРЕДМЕТ
Наименование темы Русский язык
Тематический подзаголовок Диктанты
-- Методика
-- Начальная школа
Системный номер авторитетной/нормативной записи 1533232
Идентификатор авторитетной/нормативной записи RU\NLR\auth\66969170
610 0# - НЕКОНТРОЛИРУЕМЫЕ ПРЕДМЕТНЫЕ ТЕРМИНЫ
Предметный термин Русский язык
610 0# - НЕКОНТРОЛИРУЕМЫЕ ПРЕДМЕТНЫЕ ТЕРМИНЫ
Предметный термин Преподавание
610 0# - НЕКОНТРОЛИРУЕМЫЕ ПРЕДМЕТНЫЕ ТЕРМИНЫ
Предметный термин Методика
610 0# - НЕКОНТРОЛИРУЕМЫЕ ПРЕДМЕТНЫЕ ТЕРМИНЫ
Предметный термин Начальная школа
686 ## - ИНДЕКСЫ ДРУГИХ КЛАССИФИКАЦИЙ
Индекс 04301
-- Методика преподавания русского языка. 1-4 кл.
Код системы
686 ## - ИНДЕКСЫ ДРУГИХ КЛАССИФИКАЦИЙ
Индекс 74.268.12
Издание LBC/RL
Код системы
686 ## - ИНДЕКСЫ ДРУГИХ КЛАССИФИКАЦИЙ
Индекс Ш141.12-922.1[2]
686 ## - ИНДЕКСЫ ДРУГИХ КЛАССИФИКАЦИЙ
Индекс Ч426.131(2)53-254.11,01
700 #1 - ИМЯ ЛИЦА - ПЕРВИЧНАЯ ОТВЕТСТВЕННОСТЬ
Код отношения Автор
Графика поля Кириллица
Материалы, к которым относится поле rus
Начальный элемент ввода Сычёва
Часть имени, кроме начального элемента ввода Г. Н.
Расширение инициалов личного имени Галина Николаевна
Системный номер авторитетной/нормативной записи 176450
Идентификатор авторитетной/нормативной записи RU\NLR\AUTH\770176501
801 #0 - ИСТОЧНИК ЗАПИСИ
Страна Российская Федерация
Организация ЛИБНЕТ
Дата составления 20100528
Правила каталогизации RCR
801 #1 - ИСТОЧНИК ЗАПИСИ
Страна Российская Федерация
Организация ЛИБНЕТ
Дата составления 20100528
801 #2 - ИСТОЧНИК ЗАПИСИ
Страна Российская Федерация
Организация Донская ГПБ
Дата составления 20100618
801 #2 - ИСТОЧНИК ЗАПИСИ
Страна Российская Федерация
Организация NLR
Дата составления 20100419
Правила каталогизации rcr
830 ## - ОБЩЕЕ ПРИМЕЧАНИЕ, СОСТАВЛЕННОЕ КАТАЛОГИЗАТОРОМ
Текст примечания авт. по кн.
942 ## - ДОПОЛНИТЕЛЬНЫЕ ЭЛЕМЕНТЫ ЗАПИСИ (АБИС)
Тип экземпляра АБИС Книга
980 ## - КОЛЛЕКЦИЯ
Название коллекции Национальная библиография
Экземпляры
Тип экземпляра Дата поступления Источник поступления Библиотека постоянного хранения Библиотека текущего хранения Место хранения Шифр хранения Штрих-код Статус экземпляра
Книга 19.04.2010 Обязательный экземпляр РНБ (Московский) РНБ (Московский) Русский книжный фонд: издания с 1957 года 2010-3/13155 3153963  
Книга 19.04.2010 Обязательный экземпляр РНБ (Московский) РНБ (Московский) Обменный фонд   3153964  
Книга 17.09.2010 Обязательный экземпляр РНБ (Московский) РНБ (Московский) Обменный фонд   3249876  
Книга 17.09.2010 Обязательный экземпляр РНБ (Московский) РНБ (Московский) Обменный фонд   3249877  
Книга 16.07.2013 Обязательный экземпляр РНБ (Московский) РНБ (Московский) Обменный фонд   3922341  
Книга 16.07.2013 Обязательный экземпляр РНБ (Московский) РНБ (Московский) Обменный фонд   3922342